| 000 | 00779nam a2200277Ia 4500 | ||
|---|---|---|---|
| 001 | 6785 | ||
| 005 | 20240113233940.0 | ||
| 007 | ta | ||
| 008 | 050630s1985 a g b000 u eng u | ||
| 040 | _aCotton College,Assam | ||
| 041 | _aeng | ||
| 082 |
_a311.2 _bCh 349 Qu |
||
| 100 | _aChakravarty, S.C. . | ||
| 245 | 0 |
_aQuality Control, Reliability and Operational Resaerch / _cS.C. Chakravarty, S.R. Mohan, Y.R. Rau. _hReports |
|
| 250 | _a1st ed. / | ||
| 260 |
_aCalcutta : _bIndian Statistical Institute , _c1985. |
||
| 300 |
_axiii, 232p. : _bill. ; _c24cm . |
||
| 653 | _aStatistics | ||
| 653 | _aProbability | ||
| 653 | _aPG-Statistics | ||
| 700 | _aMohan, S.R. . | ||
| 700 | _aRau, Y.R. . | ||
| 942 |
_2ddc _cBK |
||
| 999 |
_c6772 _d6772 |
||